000 00422nam a22001697a 4500
005 20260413153906.0
008 160611b xxu||||| |||| 00| 0 eng d
020 _a9788129105196
041 _aeng
082 _a823.912
100 _aJoyce, James
_91726
245 _aA Portrait of the Artist as a Young Man
260 _aNew Delhi
_bRupa & Co.
_c2004
300 _a286
650 _aENGLISH FICTION
_98925
942 _cBK
999 _c2434
_d2433